00353nam a2200133Ia 4500008004100000020001800041041000800059082001100067100002200078245005400100250001100154260003000165650002400195260624s2023 xx 000 0 und d a9781119683810 aeng a617.51 aLaughlin Haggerty aAtlas of Operative Oral and Maxillofacial Surgery a2nd ed bWiley blackwell2023c2023 aOtorhinolaryngology